002470000a220007300045001000041000002450028000413000045000697730059001141 aMosquera Brand, Fernando A. (Abilio)10aLa espiral de violencia aVol.1, núm.1 (Junio, 1997), Página 40 tSeminario en Diálogo : Órgano informativo de la Fu